|
|
|
|
| LEADER |
00000cam a2200000 4500 |
| 001 |
vtls001420610 |
| 003 |
SK-MaSNL |
| 005 |
20260302035257.0 |
| 008 |
251112s1643 xo a f 01 0 lat |
| 015 |
|
|
|a SNBHFA
|
| 035 |
|
|
|a SNK000375450
|
| 040 |
|
|
|a SNK
|b slo
|c SNK
|e rda
|
| 041 |
0 |
|
|a lat
|
| 044 |
|
|
|a xo
|c SK
|
| 072 |
|
7 |
|a 2-1
|x Prirodzená teológia. Náboženská filozofia
|2 konspekt
|
| 080 |
|
|
|a 2-1
|2 2011
|
| 080 |
|
|
|a (043.3)
|2 2011
|
| 100 |
1 |
|
|a Hadik, Alexander,
|d 17. storočie
|4 aut
|9 687968
|
| 245 |
1 |
0 |
|a Hecas Theologica Super Aphorismo Iohannitico
|b Ioh. I. v. 27. Ecce Agnvs Ille Dei, Qui Tollit Peccatum Mundi Quam Auxiliante Deo
|c Praeside M. Alexandro Hodikio p. t. Gymnasij Banovicensis Rect. defendendam suscipit David Peucerus Lippa Bohemus ejusdem Gymnasij nunc alumnus, Idque ad diem Aprilis horis et loco consvetis In Anno MDCXLIII (1643)
|
| 264 |
|
3 |
|a [Trenčín]
|b [D. Vokálová]
|c 1643
|
| 300 |
|
|
|a A4, 4 listy listy
|c 18 cm
|
| 336 |
|
|
|a text
|b txt
|2 rdacontent
|
| 337 |
|
|
|a bez média
|b n
|2 rdamedia
|
| 338 |
|
|
|a zväzok
|b nc
|2 rdacarrier
|
| 500 |
|
|
|a Podľa typov i obsahu trenčianska tlač
|
| 500 |
|
|
|a Titulný list v ornamentálnom ráme, vineta, linky, iniciálka s ornamentálnym pozadím vo voľnom priestore na 4 riadky, kustody
|
| 508 |
|
|
|a Respondens Peucer venuje grófovi Gašparovi Illieshazimu, dedičnému grófovi Trenčína a hlavnému županovi stolíc Trenčianskej, Liptovskej a Oravskej
|
| 510 |
4 |
|
|a Čaplovič
|c II/1753
|
| 546 |
|
|
|a Latinský text
|b Antikva
|b Kurzíva
|
| 550 |
|
|
|a Tlačiarenské údaje podľa bibliografie
|
| 561 |
|
|
|a Proveniencia: vlepený Exlibris: Matica Slovenská.
|5 SNK SD 2698/5
|
| 563 |
|
|
|a Väzba: previazaná, v pevnom prebale.
|5 SNK SD 2698/5
|
| 650 |
0 |
7 |
|a teológia
|2 SNKPH
|9 1814
|
| 655 |
|
7 |
|a dizertácie
|2 SNKPH
|9 70277
|
| 700 |
1 |
|
|a Puecer, Dávid
|4 aut
|4 dto
|9 687969
|
| 700 |
1 |
|
|a Ilešházi, Gašpar,
|d 1593-1648
|4 hnr
|9 171083
|
| 700 |
1 |
|
|a Vokálová, Dorota
|4 prt
|9 444877
|
| 710 |
2 |
|
|a Matica slovenská
|4 fmo
|9 14662
|
| 752 |
|
|
|a Slovensko
|d Trenčín
|
| 852 |
|
|
|a snk
|p SD 2698/5
|
| 958 |
|
|
|a ONDV
|
| 958 |
|
|
|a DC
|
| 999 |
|
|
|c 1070013
|d 1071943
|
| 952 |
|
|
|a SNK
|b SNK
|y PREZ
|7 0
|p 17A0747311
|o snkSD 2698/5
|i snk1408/30
|0 0
|1 0
|4 0
|d 2001-09-14
|f 1
|l 0
|r 2025-10-30 00:00:00
|w 2026-02-24
|